MARC

Tag First Indicator Second Indicator Subfields
LEADER 00000cam a2200000 a 4500
001 in00002363545
005 20151109040647.0
008 031201s2004 pau b 001 0 eng
010 |a  2003025730 
020 |a 0791078825 
020 |a 9780791078822 
029 1 |a YDXCP  |b 2026206 
035 |a (OCoLC)ocm53967237 
035 |a (OCoLC)53967237 
040 |a DLC  |c DLC  |d EYE  |d BAKER  |d BTCTA  |d YDXCP  |d UtOrBLW 
043 |a e-uk-en 
049 |a TXAM 
050 0 0 |a PR5397.F73  |b F68 2004 
082 0 0 |a 823/.7  |2 22 
245 0 0 |a Frankenstein /  |c edited and with an introduction by Harold Bloom. 
264 1 |a Philadelphia :  |b Chelsea House,  |c [2004] 
264 4 |c ©2004 
300 |a xiii, 264 pages ;  |c 25 cm. 
336 |a text  |b txt  |2 rdacontent 
337 |a unmediated  |b n  |2 rdamedia 
338 |a volume  |b nc  |2 rdacarrier 
490 1 |a Bloom's major literary characters 
504 |a Includes bibliographical references (pages 249-251) and index. 
505 0 |a Introduction / Harold Bloom -- On Frankenstein / Percy Bysshe Shelley -- Frankenstein / Robert Kiely -- Thematic Anatomy: Intrinsic Structures / David Ketterer -- Horror's Twin: Mary Shelley's Monstrous Eve / Sandra M. Gilbert and Susan Gubar -- Parent-Child Tensions in Frankenstein: The Search for Communion / Laura P. Claridge -- Frankenstein: Self-Division and Projection / William Veeder -- Victor Frankenstein's Romantic Fate: The Tragedy of the Promethean Overreacher as Woman / Barbara Frey Waxman -- The Landscape of Grief in Mary Shelley's Frankenstein / Matthew C. Brennan -- Wading Through Slaughter: John Hampden, Thomas Gray, and Mary Shelley's Frankenstein / Iain Crawford -- Mary Shelley and the Taming of the Byronic Hero: "Transformation" and The Deformed Transformed / Paul A. Cantor -- The Groomsmen / Mary Lowe-Evans -- Melancholy Reflection: Constructing an Identity for Unveilers of Nature / Ludmilla Jordanova -- Frankenstein and Natural Magic / Crosbie Smith -- The Monster in the Family: a reconsideration of Frankenstein's domestic relationships / Debra E. Best. 
600 1 0 |a Shelley, Mary Wollstonecraft,  |d 1797-1851.  |t Frankenstein. 
650 0 |a Science fiction, English  |x History and criticism. 
650 0 |a Horror tales, English  |x History and criticism. 
650 0 |a Frankenstein, Victor (Fictitious character) 
650 0 |a Scientists in literature. 
650 0 |a Creation in literature. 
650 0 |a Monsters in literature. 
650 0 |a Frankenstein's monster (Fictitious character) 
700 1 |a Bloom, Harold. 
830 0 |a Major literary characters. 
856 4 1 |3 Table of contents  |u http://www.loc.gov/catdir/toc/ecip0412/2003025730.html  |t 0 
938 |a Baker & Taylor  |b BKTY  |c 40.00  |d 40.00  |i 0791078825  |n 0004338890  |s active 
938 |a Baker and Taylor  |b BTCP  |n 2003025730 
938 |a YBP Library Services  |b YANK  |n 2026206 
945 |a PromptCat  |b 354560 
946 |a stk 
947 |a A14836839442 
994 |a 92  |b TXA 
948 |a cataloged  |b h  |c 2008/3/18  |d c  |e asalazar  |f 4:44:56 pm 
999 |a MARS 
999 f f |s 21771e29-a1d4-373e-8c8e-7eb45f981c65  |i fd9d4a96-00e5-36e6-9f98-252a49272e4e  |t 0 
952 f f |p normal  |a Texas A&M University  |b College Station  |c Sterling C. Evans Library  |d Evans: Library Stacks  |t 0  |e PR5397.F73 F68 2004  |h Library of Congress classification  |i unmediated -- volume  |m A14836839442 
998 f f |a PR5397.F73 F68 2004  |t 0  |l Evans: Library Stacks